US Senators since 2000 - Statistics

General Stats
  • This quiz has been taken 38 times
  • The average score is 100 of 252
Answer Stats
Hint Answer % Correct
CA(1992-2023) Dianne Feinstein
92%
CA(1993-2017) Barbara Boxer
88%
CA(2017-2021) Kamala Harris
88%
AZ(2019-Present) Kyrsten Sinema
88%
AR(2015-Present) Tom Cotton
88%
AL(2018-2021) Doug Jones
85%
CA(2021-Present) Alex Padilla
81%
DE(1973-2009) Joe Biden
81%
AZ(1987-2018) John McCain
81%
AK(2002-Present) Lisa Murkowski
81%
AZ(2020-Present) Mark Kelly
81%
ID(1999-Present) Mike Crapo
81%
AL(1987-2023) Richard Shelby
81%
AL(2021-Present) Tommy Tuberville
81%
AK(2015-Present) Dan Sullivan
77%
IL(1997-Present) Dick Durbin
77%
AL(1997-2017) Jeff Sessions
77%
GA(2021-Present) Jon Ossoff
77%
AL(2023-Present) Katie Britt
77%
CA(2023-Present) Laphonza Butler
77%
FL(2011-Present) Marco Rubio
77%
AZ(2019-2020) Martha McSally
77%
CO(2009-Present) Michael Bennet
77%
FL(2019-Present) Rick Scott
77%
IL(2017-Present) Tammy Duckworth
77%
IO(1981-Present) Chuck Grassley
73%
CO(2021-Present) John Hickenlooper
73%
HA(2013-Present) Mazie Hirono
73%
KY(1985-Present) Mitch McConnell
73%
GA(2021-Present) Raphael Warnock
73%
MN(2007-Present) Amy Klobuchar
69%
ME(2013-Present) Angus King
69%
HA(2012-Present) Brian Schatz
69%
DE(2010-Present) Chris Coons
69%
HA(1963-2012) Daniel Inouye
69%
MA(2013-Present) Elizabeth Warren
69%
AR(2011-Present) John Boozman
69%
KY(2011-Present) Rand Paul
69%
ME(1997-Present) Susan Collins
69%
AK(1968-2009) Ted Stevens
69%
DE(2001-Present) Tom Carper
69%
FL(2001-2019) Bill Nelson
65%
CT(2013-Present) Chris Murphy
65%
AK(1981-2002) Frank Murkowski
65%
AZ(2013-2019) Jeff Flake
65%
ID(2009-Present) Jim Risch
65%
LA(2017-Present) John Kennedy
65%
GA(2020-2021) Kelly Loeffler
65%
IN(2019-Present) Mike Braun
65%
IN(2017-Present) Todd Young
65%
IL(2005-2008) Barack Obama
62%
AR(1999-2011) Blanche Lincoln
62%
MI(2001-Present) Debbie Stabenow
62%
AZ(1995-2013, 2018) John Kyl
62%
MT(2007-Present) Jon Tester
62%
AL(2017-2018) Luther Strange
62%
AK(2009-2015) Mark Begich
62%
CT(2011-Present) Richard Blumenthal
62%
MN(2009-2018) Al Franken
58%
CO(2015-2021) Cory Gardner
58%
IN(2013-2019) Joe Donnelly
58%
CT(1989-2013) Joe Lieberman
58%
IO(2015-Present) Joni Ernst
58%
IL(2010-2017) Mark Kirk
58%
CO(2009-2015) Mark Udall
58%
AR(2003-2015) Mary Pryor
58%
MN(2018-Present) Tina Smith
58%
MD(1987-2017) Barbara Mikulski
54%
MD(2007-Present) Ben Cardin
54%
MD(2017-Present) Chris Van Hollen
54%
HA(1990-2013) Daniel Akaka
54%
MA(2013-Present) Ed Markey
54%
MI(2015-Present) Gary Peters
54%
GA(2005-2019) Johnny Isakson
54%
CO(2005-2009) Ken Salazar
54%
LA(1997-2015) Mary Landrieu
54%
ME(1995-2013) Olympia Snowe
54%
MA(1962-2009) Ted Kennedy
54%
LA(2015-Present) Bill Cassidy
50%
CT(1981-2011) Chris Dodd
50%
MS(2018-Present) Cindy Hyde-Smith
50%
KS(2011-Present) Jerry Moran
50%
MA(1985-2013) John Kerry
50%
MO(2019-Present) Josh Hawley
50%
FL(2005-2009) Mel Martinez
50%
MN(2003-2009) Norm Coleman
50%
MD(1977-2007) Paul Sarbanes
50%
MN(1991-2002) Paul Wellstone
50%
KS(2021-Present) Roger Marshall
50%
MS(2007-Present) Roger Wicker
50%
GA(2003-2015) Saxby Chambliss
50%
CO(1993-2005) Ben Nighthorse Campbell
46%
NE(2015-2023) Ben Sasse
46%
NY(1999-Present) Chuck Schumer
46%
NE(2013-Present) Deb Fischer
46%
KS(1997-2021) Pat Roberts
46%
IN(1977-2013) Richard Lugar
46%
MA(2010-2013) Scott Brown
46%
IO(1985-2015) Tom Harkin
46%
DE(1971-2001) William Roth
46%
FL(1987-2005) Bob Graham
42%
MI(1979-2015) Carl Levin
42%
MO(2023-Present) Eric Schmitt
42%
FL(2009-2011) George LeMieux
42%
NV(1987-2017) Harry Reid
42%
NY(2001-2009) Hillary Clinton
42%
NV(2019-Present) Jacky Rosen
42%
MO(1995-2001) John Ashcroft
42%
NE(2023-Present) Pete Ricketts
42%
KS(1996-2011) Sam Brownback
42%
MT(2015-Present) Steve Daines
42%
DE(2009-2010) Ted Kaufman
42%
MS(1978-2018) Thad Cochran
42%
GA(2000-2005) Zell Miller
42%
MO(2007-2019) Claire McCaskill
38%
FL(1989-2001) Connie Mack III
38%
NJ(2013-Present) Cory Booker
38%
IN(2011-2017) Dan Coats
38%
GA(2015-2021) David Purdue
38%
LA(2005-2017) David Vitter
38%
IN(1999-2011) Evan Bayh
38%
OH(2023-Present) J.D. Vance
38%
KY(1999-2011) Jim Bunning
38%
ID(1991-2009) Larry Craig
38%
IL(1999-2005) Peter Fitzgerald
38%
MO(2011-2023) Roy Blunt
38%
OH(2007-Present) Sherrod Brown
38%
MI(1995-2001) Spencer Abraham
38%
MS(1989-2007) Trent Lott
38%
CO(1997-2009) Wayne Allard
38%
NM(2021-Present) Ben Ray Lujan
35%
NJ(2006-Present) Bob Menendez
35%
MT(1989-2007) Conrad Burns
35%
NV(2011-2019) Dean Heller
35%
MO(2001-2002) Jean Carnahan
35%
NH(2009-Present) Jeanne Shaheen
35%
NH(2011-2017) Kelly Ayotte
35%
NY(2009-Present) Kirsten Gillibrand
35%
MO(1987-2011) Kit Bond
35%
MN(2001-2007) Mark Dayton
35%
MT(1978-2014) Max Baucus
35%
MA(2013) Mo Cowan
35%
IL(2009-2010) Roland Burris
35%
AR(1997-2003) Tim Hutchinson
35%
NE(2001-2013) Ben Nelson
31%
PA(2007-Present) Bob Casey Jr.
31%
MO(2002-2007) Jim Talent
31%
SC(2003-Present) Lindsey Graham
31%
NH(2017-Present) Maggie Hassan
31%
SC(1956-2003) Strom Thurmond
31%
NC(2003-2009) Elizabeth Dole
27%
NH(2003-2009) John E. Sununu
27%
PA(2023-Present) John Fetterman
27%
NM(2013-Present) Martin Heinrich
27%
OH(2011-2023) Rob Portman
27%
NC(2015-Present) Thom Tillis
27%
SC(2013-Present) Tim Scott
27%
MN(2002-2003) Dean Barkley
23%
SC(1966-2005) Fritz Hollings
23%
RI(1997-Present) Jack Reed
23%
NV(2001-2011) John Ensign
23%
ND(2011-Present) John Hoeven
23%
SD(2005-Present) John Thune
23%
NC(2009-2015) Kay Hagan
23%
ND(2019-Present) Kevin Cramer
23%
OK(2023-Present) Markwayne Mullin
23%
GA(1997-2003) Max Cleland
23%
PA(2011-2023) Pat Toomey
23%
MA(2009-2010) Paul Kirk
23%
NC(2005-2023) Richard Burr
23%
PA(1995-2007) Rick Santorum
23%
RI(2007-Present) Sheldon Whitehouse
23%
TX(2013-Present) Ted Cruz
23%
NE(1989-2001) Bob Kerrey
19%
NE(1997-2009) Chuck Hagel
19%
NY(1977-2001) Daniel P. Moynihan
19%
NJ(1982-2001, 2003-2013) Frank Lautenberg
19%
ND(2013-2019) Heidi Heitkamp
19%
OK(2015-Present) James Lankford
19%
OK(1994-2023) Jim Inhofe
19%
LA(1987-2005) John Breaux
19%
TX(2002-Present) John Cornyn
19%
TX(1993-2013) Kay Hutchinson
19%
VA(2009-Present) Mark Warner
19%
OH(1995-2007) Mike DeWine
19%
UT(1977-2019) Orrin Hatch
19%
OR(1996-Present) Ron Wyden
19%
NC(2023-Present) Ted Budd
19%
VA(2013-Present) Tim Kaine
19%
NM(2009-2021) Tom Udall
19%
PA(1981-2011) Arlen Specter
15%
VT(2007-Present) Bernie Sanders
15%
TN(2021-Present) Bill Hagerty
15%
TN(2007-2019) Bob Corker
15%
ND(1992-2011) Byron Dorgan
15%
TN(1994-2003) Fred Thompson
15%
VA(2001-2007) George Allen
15%
NM(1983-2013) Jeff Bingaman
15%
OR(2009-Present) Jeff Merkley
15%
NC(1973-2003) Jesse Helms
15%
SC(2005-2013) Jim DeMint
15%
WV(2010-Present) Joe Manchin
15%
NC(1999-2005) John Edwards
15%
MT(2014-2015) John Walsh
15%
NJ(2001-2006) Jon Corzine
15%
NH(1993-2011) Judd Gregg
15%
ND(1992-2013) Kent Conrad
15%
TN(2003-2021) Lamar Alexander
15%
RI(1999-2007) Lincoln Chafee
15%
TN(2019-Present) Marsha Blackburn
15%
NE(2009-2015) Mike Johanns
15%
UT(2011-Present) Mike Lee
15%
SD(2015-Present) Mike Rounds
15%
UT(2019-Present) Mitt Romney
15%
WA(1993-Present) Patty Murray
15%
GA(1993-2000) Paul Coverdell
15%
NM(1973-2009) Pete Domenici
15%
VT(2023-Present) Peter Welch
15%
TX(1985-2002) Phil Gramm
15%
NV(1989-2001) Richard Bryan
15%
WV(1959-2010) Robert C. Byrd
15%
NJ(1997-2003) Robert Torricelli
15%
MN(1995-2001) Rod Grams
15%
WV(2015-Present) Shelley Moore Capito
15%
SD(1997-2015) Tim Johnson
15%
OK(2005-2015) Tom Coburn
15%
SD(1987-2005) Tom Daschle
15%
TN(1995-2007) Bill Frist
12%
UT(1993-2011) Bob Bennett
12%
NH(1990-2003) Bob Smith
12%
WV(2010) Carte Goodwin
12%
VA(1989-2001) Chuck Robb
12%
WY(2021-Present) Cynthia Lummis
12%
OK(1981-2005) Don Nickles
12%
OR(1997-2009) Gordon Smith
12%
WI(1989-2013) Herb Kohl
12%
WV(1985-2015) Jay Rockefeller
12%
NJ(2013) Jeffrey Chiesa
12%
VA(2007-2013) Jim Webb
12%
WY(2007-Present) John Barrasso
12%
VA(1979-2009) John Warner
12%
WA(2001-Present) Maria Cantwell
12%
WY(1997-2021) Mike Enzi
12%
WI(2011-Present) Ron Johnson
12%
W(1993-2011) Russ Feingold
12%
WA(1989-2001) Slade Gorton
12%
WI(2013-Present) Tammy Baldwin
12%
WY(1995-2007) Craig Thomas
8%
VT(1989-2007) Patrick Leahy
8%
NV(2017-Present) Catherine Cortez Maso
4%
VT(1975-2023) Jim Jeffords
4%
OH(1999-2011) George Vionovich
0%
No matching quizzes found
Score Distribution
Percent of People with Each Score
Percentile by Number Answered
Your Score History
You have not taken this quiz